Statistics for The Most Difficult Island Flags

Click here to take the quiz!

General Stats

  • This quiz has been taken 32 times
  • The average score is 9 of 12

Answer Stats

Answer% Correct
Fiji
96%
Trinidad and Tobago
96%
Saint Lucia
89%
Bahamas
85%
Papua New Guinea
81%
Solomon Islands
78%
Greenland
74%
Vanuatu
74%
Equatorial Guinea
70%
Falkland Islands
59%
French Polynesia
48%
Samoa
41%

Score Distribution

Percentile by Number Answered

Percent of People with Each Score

Your Score History

You have not taken this quiz